000 00508nam a2200217Ia 4500
008 210210b1948 xxu||||| |||| 00| 0 eng d
041 _aeng
082 _a821/572
100 _aRILKE (R M)
245 _aLay of love and death of cornet christopher-rilke
260 _aLondon
_bNot Mentioned
_c1948
650 _aof
650 _alove
650 _aLay
650 _adeath
650 _acornet
650 _achristopher-rilke
650 _aand
690 _aEnglish Literature
906 _a011740
999 _c130435
_d130435